<?xml version="1.0" encoding="UTF-8"?>
<collection xmlns="http://www.loc.gov/MARC21/slim">
<record>
  <controlfield tag="001">136357</controlfield>
  <controlfield tag="005">20240731105612.0</controlfield>
  <datafield tag="024" ind1="8" ind2=" ">
    <subfield code="2">sideral</subfield>
    <subfield code="a">139303</subfield>
  </datafield>
  <datafield tag="037" ind1=" " ind2=" ">
    <subfield code="a">ART-2015-139303</subfield>
  </datafield>
  <datafield tag="041" ind1=" " ind2=" ">
    <subfield code="a">spa</subfield>
  </datafield>
  <datafield tag="100" ind1=" " ind2=" ">
    <subfield code="a">Romero Martín, María Rosario</subfield>
    <subfield code="u">Universidad de Zaragoza</subfield>
    <subfield code="0">(orcid)0000-0002-5019-4574</subfield>
  </datafield>
  <datafield tag="245" ind1=" " ind2=" ">
    <subfield code="a">Divergencias del alumnado y del profesorado universitario sobre las dificultades para aplicar la evaluación formativa</subfield>
  </datafield>
  <datafield tag="260" ind1=" " ind2=" ">
    <subfield code="c">2015</subfield>
  </datafield>
  <datafield tag="520" ind1="3" ind2=" ">
    <subfield code="a">La evaluación formativa supone un claro cambio en la forma de plantear la evaluación en la docencia universitaria. Su aplicación no está exenta de cierta controversia, y sobre todo de dificultades, que hacen que alumnado y profesorado tengan distintas perspectivas. El objetivo del presente estudio ha sido comprobar las divergencias del alumnado y del profesorado cuando se diseña y se ponen en práctica sistemas de evaluación formativa. Se ha utilizado un cuestionario para el alumnado (N=3013) y los informes elaborados por el profesorado (N=46) aplicados durante el curso 2012-13. Los resultados muestran que la evaluación formativa es bastante exigente para el alumnado, aunque también muestran una alta satisfacción del alumnado con la misma, particularmente con la calificación. Un inconveniente que refleja el alumnado parece ser la acumulación de trabajo al final del proceso, lo cual resulta paradójico y requiere de una investigación más profunda en el futuro. El profesorado también muestra una alta satisfacción con este tipo de evaluación, aunque tengan una mayor carga de trabajo. Se observan escasas discrepancias entre los dos colectivos (alumnado y profesorado). En el estudio se proponen recomendaciones de puesta en práctica en cuanto al diseño y la planificación para investigaciones futuras. Las limitaciones se observan en cuanto a la población participante en el estudio, con el fin de que puedan generalizarse los resultados.</subfield>
  </datafield>
  <datafield tag="506" ind1="0" ind2=" ">
    <subfield code="a">Access copy available to the general public</subfield>
    <subfield code="f">Unrestricted</subfield>
  </datafield>
  <datafield tag="540" ind1=" " ind2=" ">
    <subfield code="9">info:eu-repo/semantics/openAccess</subfield>
    <subfield code="a">All rights reserved</subfield>
    <subfield code="u">http://www.europeana.eu/rights/rr-f/</subfield>
  </datafield>
  <datafield tag="592" ind1=" " ind2=" ">
    <subfield code="a">0.187</subfield>
    <subfield code="b">2015</subfield>
  </datafield>
  <datafield tag="593" ind1=" " ind2=" ">
    <subfield code="a">Education</subfield>
    <subfield code="c">2015</subfield>
    <subfield code="d">Q4</subfield>
  </datafield>
  <datafield tag="655" ind1=" " ind2="4">
    <subfield code="a">info:eu-repo/semantics/article</subfield>
    <subfield code="v">info:eu-repo/semantics/publishedVersion</subfield>
  </datafield>
  <datafield tag="700" ind1=" " ind2=" ">
    <subfield code="a">Castejón Oliva, Francisco Javier</subfield>
  </datafield>
  <datafield tag="700" ind1=" " ind2=" ">
    <subfield code="a">López Pastor, Víctor Manuel</subfield>
  </datafield>
  <datafield tag="710" ind1="2" ind2=" ">
    <subfield code="1">3001</subfield>
    <subfield code="2">187</subfield>
    <subfield code="a">Universidad de Zaragoza</subfield>
    <subfield code="b">Dpto. Expres.Music.Plást.Corp.</subfield>
    <subfield code="c">Área Didáctica Expres.Corporal</subfield>
  </datafield>
  <datafield tag="773" ind1=" " ind2=" ">
    <subfield code="g">21, 1 (2015)</subfield>
    <subfield code="p">Rev. electrón. investig. eval. educ.</subfield>
    <subfield code="t">Revista electrónica de investigación y evaluación educativa</subfield>
    <subfield code="x">1134-4032</subfield>
  </datafield>
  <datafield tag="856" ind1="4" ind2=" ">
    <subfield code="s">278327</subfield>
    <subfield code="u">http://zaguan.unizar.es/record/136357/files/texto_completo.pdf</subfield>
    <subfield code="y">Versión publicada</subfield>
  </datafield>
  <datafield tag="856" ind1="4" ind2=" ">
    <subfield code="s">2785941</subfield>
    <subfield code="u">http://zaguan.unizar.es/record/136357/files/texto_completo.jpg?subformat=icon</subfield>
    <subfield code="x">icon</subfield>
    <subfield code="y">Versión publicada</subfield>
  </datafield>
  <datafield tag="909" ind1="C" ind2="O">
    <subfield code="o">oai:zaguan.unizar.es:136357</subfield>
    <subfield code="p">articulos</subfield>
    <subfield code="p">driver</subfield>
  </datafield>
  <datafield tag="951" ind1=" " ind2=" ">
    <subfield code="a">2024-07-31-09:23:38</subfield>
  </datafield>
  <datafield tag="980" ind1=" " ind2=" ">
    <subfield code="a">ARTICLE</subfield>
  </datafield>
</record>
</collection>